Digitální marketing v nové éře regulace

Saved in:
Bibliographic Details
Main Author Kolektiv autorů
Other Authors Petra Koudelková
Format Electronic eBook
LanguageCzech
Published Grada 2026
Edition1. elektronické vydání
Subjects
Online AccessDostupné v BOOKPORT po přihlášení pomocí eduID
ISBN978-80-271-8460-6
978-80-271-5910-9
Physical Description1 online zdroj (168 stran)

Cover

LEADER 00000nam a2200000 i 4500
001 bkp15014
003 CZ-prgp
005 20260522151636.0
006 m o d
007 cr cn
008 260522s2026 xr o 000 0 cze
020 |a 978-80-271-8460-6  |c 297 Kč  |q (online ; pdf) 
020 |a 978-80-271-5910-9  |c 349 Kč  |q (print) 
040 |a Grada  |b cze  |e rda 
100 0 |a Kolektiv autorů 
245 1 0 |a Digitální marketing v nové éře regulace  |c Petra Koudelková 
250 |a 1. elektronické vydání 
264 1 |b Grada  |c 2026 
300 |a 1 online zdroj (168 stran) 
336 |a text  |b txt  |2 rdacontent 
337 |a počítač  |b c  |2 rdamedia 
338 |a online zdroj  |b cr  |2 rdacarrier 
520 3 |a Tato kniha je váš praktický průvodce světem složitého digitálního marketingu a komunikace. Pomůže vám rychle se zorientovat v online prostředí, pochopit principy, na nichž vydělávají technologičtí giganti jako Meta (Facebook, Instagram), Google, Apple, Amazon, TikTok či Microsoft, a naučí vás tyto znalosti využít ve vašem byznysu. 
650 0 4 |a Marketing a reklama 
650 0 4 |a Obchod a prodej 
700 1 |a Petra Koudelková 
856 4 0 |u https://www.bookport.cz/AccountSaml/SignIn/?idp=https://shibboleth.utb.cz/idp/shibboleth&returnUrl=/kniha/digitalni-marketing-v-nove-ere-regulace-16100/  |y Dostupné v BOOKPORT po přihlášení pomocí eduID